|
|
|
|
| LEADER |
00000nam a2200000 a 4500 |
| 005 |
20110926100155.0 |
| 008 |
980311s1998 spc|||||| 000 ||spa|c |
| 020 |
|
|
|a 8476984626
|
| 035 |
|
|
|a 1171
|
| 040 |
|
|
|a vLex
|
| 090 |
|
|
|c 2567
|d 2567
|
| 100 |
1 |
|
|a Nieva Fenoll, Jordi
|
| 245 |
1 |
3 |
|a El Recurso de casacin̤ ante el Tribunal de Justicia de las Comunidades Europeas
|h [Recurso electrn̤ico] /
|c Jorge Nieva Fenoll
|
| 256 |
|
|
|a Servicio en ln̕ea.
|
| 260 |
|
|
|a Barcelona :
|b Jos ̌Mara̕ Bosch,
|c 1998
|
| 300 |
|
|
|a 572 p.;
|c 24 cm
|
| 504 |
|
|
|a Bibliografa̕
|
| 506 |
1 |
|
|a Contenido solo disponible en los productos indicados
|d vLex Global
|d vLex Global (Academic Edition, excluding Law Schools)
|d vLex Global (U.S. Academic Edition, Law Schools)
|d vLex Global (U.S. Academic Edition, excluding Law Schools)
|d vLex Global (Academic Edition, Law Schools)
|
| 530 |
|
|
|a Tambiň disponible en versin̤ electrn̤ica
|
| 610 |
2 |
4 |
|a Tribunal de Justc̕ia de les Comunitats Europees
|
| 650 |
0 |
4 |
|a Recurso de casacin̤
|z Comunidad Europea, Paises de la
|
| 740 |
0 |
|
|a vLex Libros (Servicio en ln̕ea)
|
| 856 |
4 |
0 |
|z Acceso restringido
|u http://vlex.com/vid/rasgos-caracteristicos-integrantes-280633
|
| 942 |
|
|
|c BOOK
|